Ecology, pollution, environment
Αποθηκεύτηκε σε:
| Κύριος συγγραφέας: | |
|---|---|
| Άλλοι συγγραφείς: | , |
| Μορφή: | Βιβλίο |
| Γλώσσα: | English |
| Δημοσίευση: |
Philadelphia :
Saunders College,
1972
|
| Σειρά: | Saunders golden series ;
; 4 |
| Θέματα: | |
| Ετικέτες: |
Προσθήκη ετικέτας
Δεν υπάρχουν, Καταχωρήστε ετικέτα πρώτοι!
|
MARC
| LEADER | 00000nam a2200000 i 4500 | ||
|---|---|---|---|
| 001 | 1/71169 | ||
| 008 | 941010s1972 eng d | ||
| 020 | |a 0-7216-8925-6 | ||
| 035 | |l 10002683 | ||
| 040 | |a GR-MY-UA |b gre |e aacr | ||
| 041 | 0 | |a eng | |
| 082 | 0 | |a 304.2 | |
| 100 | 1 | |a Turk, Amos. | |
| 245 | 1 | 0 | |a Ecology, pollution, environment / |c Amos Turk; Jonathan Turk; Janet T. Wittes |
| 260 | |a Philadelphia : |b Saunders College, |c 1972 | ||
| 300 | |a 217 p. | ||
| 490 | 1 | |a Saunders golden series |v ; 4 | |
| 504 | |a Includes index | ||
| 650 | 0 | 0 | |a Ecology. |
| 650 | 0 | 0 | |a Pollution. |
| 650 | 0 | 0 | |a Human ecology. |
| 700 | 1 | |a Turk, Jonathan. | |
| 700 | 1 | |a Wittes, Janet T. | |
| 830 | 0 | |a Saunders golden series ; |v ; 4 | |
| 852 | |a INST |b LESVOS |e 19941010 |h 304.2 TUR |p 005100003566 |q 005100003566 |t BK |y 0 | ||
| 909 | |a Λ |b 01869 | ||